Ley de orden público : Decreto de 28 de julio de 1933. Contiene además Ley de vagos y maleantes : Decreto de 4 de agosto de 1933 Decreto de 28 de julio de 1933. Contiene además Ley de vagos y maleantes :
Descripción Física:
48 p. ; 17 cm
Materias:
Llei Marcial
MARC
| LEADER | 00000nam a2200000Ia 4500 | ||
|---|---|---|---|
| 001 | 1183 | ||
| 008 | 160829s1934 xx 000 0 cat d | ||
| 080 | |a RF-3-61 | ||
| 100 | |a Espanya. Lleis, etc. |9 23269 | ||
| 245 | |a Ley de orden público : |b Decreto de 28 de julio de 1933. Contiene además Ley de vagos y maleantes : |b Decreto de 4 de agosto de 1933 | ||
| 260 | |a Barcelona : |b Librería Castells, |c 1934 | ||
| 300 | |a 48 p. ; |c 17 cm | ||
| 590 | |a Abans del títol, Leyes de Gobernación. | ||
| 650 | |a Llei Marcial |9 25690 | ||
| 856 | 4 | |u https://media.diba.cat/diba/fitxers/arxiu/fulletons/bib_1183_1934_baixa.pdf |y Accés lliure | |
| 856 | 4 | |u https://media.diba.cat/diba/fitxers/arxiu/fulletons/bib_1183_1934_baixa.pdf |y Accés lliure | |
| 901 | |a Arxiu | ||
| 942 | |n 1 |2 udc | ||
| 952 | |0 0 |1 0 |4 0 |6 RF361 |7 1 |9 43739 |a Arxiu |b Arxiu |d 2016-12-01 |l 0 |o RF-3-61 |p 1183 |r 2016-12-01 00:00:00 |w 2016-12-01 |y ARXIU | ||
| 999 | |c 46287 |d 46287 | ||
| 900 | |a bib_1183_1934_baixa.pdf | ||